| 000 | 01169nam a2200361 i 4500 | ||
|---|---|---|---|
| 001 | 000018709 | ||
| 003 | DO-SdBNP | ||
| 005 | 20250704110629.0 | ||
| 008 | 250704s2022 dr c 000 0 spa d | ||
| 020 | _a9789945598274 | ||
| 040 |
_aDO-SdBNP _bspa _cBNPHU _erda |
||
| 041 | _hspa | ||
| 082 |
_a612.67 _bT693a _222 |
||
| 100 | 1 |
_aTorres Veras, Mayobanex A. _eautor _940387 |
|
| 245 | 1 | 0 |
_aAprendamos a envejecer : _bparte II, agregando más calidad de vida a los años / _cMayobanez A. Torres Veras |
| 250 | _aPrimera edición | ||
| 264 |
_aSanto Domingo : _bArgos, _c2022 |
||
| 300 |
_a229 páginas : _bretratos. ; _c22 cm. |
||
| 336 |
_ardacontent _btexto _2txt |
||
| 337 |
_ardamedia _bsin mediación _2n |
||
| 338 |
_ardacarrier _bvolumen _2nc |
||
| 500 | _aIncluye datos biográficos del autor en la contracubierta | ||
| 500 | _aVolumen II, 2022 | ||
| 504 | _aBibliografía : páginas 189-191 | ||
| 590 | _aInventariado, 2025 / DG | ||
| 650 | 4 |
_aEnvejecimiento _xAspectos sociales _940388 |
|
| 650 | 4 |
_aAptitudes y edad _940389 |
|
| 650 | 4 |
_aAsistencia a la vejez _931087 |
|
| 700 | _940390 | ||
| 700 | _940391 | ||
| 910 | _aDG | ||
| 942 |
_2ddc _cLBS1 |
||
| 999 |
_c59440 _d59440 |
||